|
|
|
|
| LEADER |
00000nam a22000007a 4500 |
| 005 |
20191115120351.0 |
| 007 |
cr|||| |||| |
| 008 |
191115s2019 co |||||s|||| 00||0 spa d |
| 020 |
|
|
|a 978-958-762-981-1
|
| 035 |
|
|
|a 30658
|
| 040 |
|
|
|a vLex
|
| 090 |
|
|
|c 10031
|d 10031
|
| 100 |
1 |
|
|a Maffioletti Celedn̤, Francisco
|
| 245 |
1 |
0 |
|a Psicologa̕ Jurd̕ica, Derechos Humanos y Derecho Penal
|h [Recurso electrn̤ico] /
|c Francisco Maffioletti Celedn̤, Vanesa Da̕z Padilla, Stella Maris Puhl
|
| 256 |
|
|
|a Servicio en ln̕ea
|
| 260 |
|
|
|a Bogot:̀
|b Ediciones de la U,
|c 2019
|
| 300 |
|
|
|a 1 recurso electrn̤ico
|
| 506 |
1 |
|
|a Disponible solo en los productos indicados
|d vLex Global
|d vLex Global (Academic Edition, excluding Law Schools)
|d vLex Global (U.S. Academic Edition, Law Schools)
|d vLex Global (U.S. Academic Edition, excluding Law Schools)
|d vLex Global (Academic Edition, Law Schools)
|
| 650 |
0 |
4 |
|a Derecho Constitucional
|z Colombia
|
| 650 |
0 |
4 |
|a Derecho Penal
|z Colombia
|
| 700 |
1 |
|
|a Da̕z Padilla, Vanesa
|
| 700 |
1 |
|
|a Puhl, Stella Maris
|
| 740 |
0 |
|
|a vLex Libros (Servicio en ln̕ea)
|
| 856 |
4 |
0 |
|u http://vlex.com/source/psicologia-juridica-derechos-humanos-derecho-penal-30658
|z Acceso restringido
|
| 942 |
|
|
|c BOOK
|
| 999 |
0 |
|
|a Constitutional Law
|
| 999 |
0 |
|
|a Criminal Law
|